000 00645nam a2200241Ia 4500
003 OSt
005 20221007095033.0
006 a|||||r|||| 00| 0
007 ta
008 221006b |||||||| |||| 00| 0 eng d
024 _a705
037 _cTextual
040 _aLCO
_cLCO
_beng
041 _2eng
_aeng
082 _aX:97D:(z), N9
100 _aSRIVASTAVA S.C.
245 0 _aCommentary on factories Act, 1948
260 _aDelhi
_bUniversal Law Publishing Company
_c1999
300 _a623
650 _aFACTORIED ACT, 1948
_9700717
942 _hX:97D:(z), N9
_cTEXL
999 _c1170268
_d1170268